| 000 | 004320000a22001810004500 | ||
|---|---|---|---|
| 003 | LK-CoMWRAF | ||
| 008 | 230817t ||||| |||| 00| 0 eng d | ||
| 020 | _a9559318063 | ||
| 040 |
_aLK-CoMWRAF _dLK-CoMWRAF _eLK-CoMWRAF |
||
| 041 | _aeng | ||
| 082 |
_a021 _bRAN |
||
| 100 | _aRanaweera, Eva | ||
| 245 |
_aTony Morisange Sula _b |
||
| 260 |
_aColombo _bVoice of Women _c1996 |
||
| 300 | _ap.178 | ||
| 650 | _afiction | ||
| 942 | _cBK | ||
| 999 |
_c3032 _d3032 |
||